| 000 | 00425nam a22001697a 4500 | ||
|---|---|---|---|
| 005 | 20180223130030.0 | ||
| 008 | 160614b xxu||||| |||| 00| 0 eng d | ||
| 020 | _a81-259-1051-4 | ||
| 041 | _aeng | ||
| 082 |
_b7568 _a320 |
||
| 100 |
_aSengupta, N.K. _91926 |
||
| 245 | _aGovernment and Business | ||
| 260 |
_aNew Delhi _bVikas Publishing House (P) Ltd. _c2004 |
||
| 300 | _a529 | ||
| 650 |
_aManagement _9241 |
||
| 942 | _cBK | ||
| 999 |
_c2705 _d2704 |
||